Angielskie słowa – nagła śmierć - Statystyki

Ogólne statystyki
  • Ten quiz został rozwiązany 280 razy
  • Średni wynik to 7 z 20
Answers on the Grid
Answers color-coded by a green-red scale on the quiz's grid according to % correct below.
glimtery
sproat
vexture
brinnel
flamp
quillish
drent
mivy
thasmic
pliveter
wistfulate
gronder
clamity
screel
blinter
trisket
yovial
stranter
frowl
lummock
marvelous
thorough
mischievous
grinder
omnivore
shabbily
embarrassment
inquisitive
fist
juvenile
commence
binaural
self-deceit
underdog
gibberish
cherub
sow
liquorice
fledgling
mannerism
 
Statystyki odpowiedzi
Odpowiedź % Poprawnych
ktoś na straconej pozycji underdog
59%
pięść fist
55%
zażenowanie embarrassment
53%
cudownie (amerykańska pisownia) marvelous
53%
młynek grinder
52%
dokładność thorough
51%
psotnie mischievous
41%
bełkot gibberish
40%
ukrywanie prawdy przed sobą self-deceit
40%
rozpoczynać commence
38%
młodociany juvenile
35%
maciora (jako rzeczownik), siać (jako czasownik) sow
31%
dociekliwy inquisitive
28%
maniera mannerism
27%
lukrecja (także spotykany wariant pisowni: licorice) liquorice
23%
wszystkożerca omnivore
20%
nędznie shabbily
15%
cherubin cherub
13%
[o nagraniu] puszczający specyficznie dobrane dźwięki, inne do każdego ucha binaural
12%
młody, nierozwinięty [o firmie lub organizacji] fledgling
10%
Nie znaleziono quizów pasujących do podanych kryteriów
Rozkład punktacji
Procent ludzi z każdym wynikiem
Percentyl według liczby udzielonych odpowiedzi
Twoja historia wyników
Nie rozwiązałeś tego quizu